Algunas propiedades psicométricas de las guías para evaluar prácticas inclusivas en el aula (Record no. 200491)

MARC details
000 -CABECERA
campo de control de longitud fija 02790cab a2200313 ab4500
005 - FECHA Y HORA DE LA ÚLTIMA TRANSACCIÓN
campo de control 20241104103945.0
008 - ELEMENTOS DE LONGITUD FIJA--INFORMACIÓN GENERAL
campo de control de longitud fija 991125c2018 sp tr p o 000 0 spa d
035 ## - NÚMERO DE CONTROL DEL SISTEMA
Número de control de sistema UPN01000228396
040 ## - FUENTE DE LA CATALOGACIÓN
Centro catalogador/agencia de origen MX-MxUPN
Lengua de catalogación spa
Centro/agencia transcriptor MX-MxUPN
Normas de descripción aacr2
049 ## - COLECCIÓN
Colección ART-E
100 1# - ASIENTO PRINCIPAL--NOMBRE PERSONAL
Nombre de persona García Cedillo, Ismael
Enlace - Ismaelgace@yahoo.com.mx
9 (RLIN) 32796
100 1# - ASIENTO PRINCIPAL--NOMBRE PERSONAL
Nombre de persona Romero Contreras, Silvia
9 (RLIN) 35899
100 1# - ASIENTO PRINCIPAL--NOMBRE PERSONAL
Nombre de persona Escalante Aguilar, Liliana
100 1# - ASIENTO PRINCIPAL--NOMBRE PERSONAL
Nombre de persona Flores Barrera, Visthi Jocabed
245 10 - MENCIÓN DE TÍTULO
Título Algunas propiedades psicométricas de las guías para evaluar prácticas inclusivas en el aula
506 0# - NOTA DE RESTRICCIONES AL ACCESO
Limitaciones de acceso Acceso abierto
520 3# - NOTA DE RESUMEN, ETC.
Sumario, etc. La educación inclusiva busca garantizar la participación plena y el aprendizaje de todo el alumnado. Para su éxito, la educación inclusiva debe articular las prácticas culturales, políticas y educativas de los centros educativos y promover la participación de toda la comunidad escolar. Las prácticas inclusivas consisten en que los docentes tomen en cuenta en el aula a todos los alumnos para ofrecerles una educación de calidad. El presente trabajo reporta el diseño y estudios de confiabilidad y validez de los instrumentos llamados Guías de Evaluación de las Prácticas Inclusivas en el Aula (GEPIA), tanto la de Auto Reporte como la de Observación. El objetivo de estos instrumentos es identificar si las prácticas de los docentes involucran algunos de los criterios de la educación inclusiva durante la enseñanza, para contribuir a su mejora. Las dos guías fueron evaluadas durante las cuatro fases de su construcción por un total de 102 expertos y, una vez hechos los ajustes necesarios, fueron aplicadas de manera piloto a una muestra de 24 docentes. La investigación fue descriptiva, cuantitativa/cualitativa, transversal, no experimental. Los análisis correspondientes mostraron que las GEPIA cuentan con una alta confiabilidad (Observación α=0.834; Auto reporte α=0.847) y una apropiada validez aparente y de contenido. En conclusión, las distintas etapas de su elaboración y el estudio piloto mostraron que estos instrumentos son confiables y útiles para que el profesorado y los centros educativos identifiquen fortalezas y debilidades en la implementación de los criterios de la educación inclusiva en los salones de clases. REOP
650 #4 - ASIENTO SECUNDARIO DE MATERIA - TERMINO TEMATICO
Término de materia o nombre geográfico como elemento de entrada Educación inclusiva
9 (RLIN) 7100
653 0# - TERMINO DE INDIZACION - NO CONTROLADO
Término no controlado Prácticas inclusivas
653 0# - TERMINO DE INDIZACION - NO CONTROLADO
Término no controlado Evaluación
653 0# - TERMINO DE INDIZACION - NO CONTROLADO
Término no controlado Validez
653 0# - TERMINO DE INDIZACION - NO CONTROLADO
Término no controlado Confiabilidad
773 ## - ENLACE AL DOCUMENTO FUENTE/ENTRADA DE REGISTRO ANFITRIÓN
Parte(s) relacionada(s) Vol. 29, no. 2 (2018), p. 8-28
Título REOP: revista española de orientación y psicopedagogía
Número Internacional Normalizado para Publicaciones Seriadas 1989-7448
856 4# - LOCALIZACIÓN Y ACCESO ELECTRÓNICOS
Identificador Uniforme del Recurso <a href=" https://doi.org/10.5944/reop.vol.29.num.2.2018.23150"> https://doi.org/10.5944/reop.vol.29.num.2.2018.23150</a>
856 4# - LOCALIZACIÓN Y ACCESO ELECTRÓNICOS
Identificador Uniforme del Recurso <a href="https://revistas.uned.es/index.php/reop/article/view/23150">https://revistas.uned.es/index.php/reop/article/view/23150</a>
902 ## - ELEMENTOS DE DATOS B LOCAL, LDB (RLIN)
Creó Leonor Sotres/041124
905 ## - TIPO DE MATERIAL
Tipo de material Articulo
942 ## - ELEMENTOS DE PUNTO DE ACCESO ADICIONAL (KOHA)
Tipo de ítem Koha Artículo Electrónico
Holdings
Estado de retiro Estado de pérdida Estado dañado No para préstamo Código de colección Localización permanente Ubicación/localización actual Ubicación en estantería Fecha de adquisición Total de préstamos Fecha visto por última vez Identificador Uniforme del Recurso Precio válido a partir de Tipo de ítem Koha
        Acceso abierto Bib. Gregorio Torres Quintero Bib. Gregorio Torres Quintero En línea 04/11/2024   04/11/2024 https://doi.org/10.5944/reop.vol.29.num.2.2018.23150 04/11/2024 Artículo Electrónico